| Tag |
First Indicator |
Second Indicator |
Subfields |
| LEADER |
00000cam a2200000 a 4500 |
| 001 |
in00000025663 |
| 005 |
20151007054429.0 |
| 008 |
830518s1988 miua 00010 eng d |
| 020 |
|
|
|a 0897200594 :
|c $30.00
|
| 035 |
|
|
|a (OCoLC)09519838
|
| 035 |
|
|
|9 AAB5036AM
|
| 040 |
|
|
|a KUK
|c KUK
|d EYZ
|d TXA
|d UtOrBLW
|
| 049 |
|
|
|a TXAM
|c [A11073160]
|
| 050 |
|
4 |
|a P241
|b .M4513 1988
|
| 100 |
1 |
|
|a Mayerthaler, Willi.
|
| 240 |
1 |
0 |
|a Morphologische Natürlichkeit.
|l English
|
| 245 |
1 |
0 |
|a Morphological Naturalness /
|c Willi Mayerthaler ; preface by Rupert Riedl ; [English translation by Janice Seidler].
|
| 264 |
|
1 |
|a Ann Arbor, Mich. :
|b Karoma Publishers,
|c [1988]
|
| 264 |
|
4 |
|c ©1988
|
| 300 |
|
|
|a xv, 150 :
|b illustrations ;
|c 28 cm.
|
| 336 |
|
|
|a text
|b txt
|2 rdacontent
|
| 337 |
|
|
|a unmediated
|b n
|2 rdamedia
|
| 338 |
|
|
|a volume
|b nc
|2 rdacarrier
|
| 490 |
1 |
|
|a Linguistica extranea ;
|v studia 17
|
| 500 |
|
|
|a Translation of: Morphologische Natürlichkeit.
|
| 504 |
|
|
|a Bibliography: pages 145-150.
|
| 650 |
|
0 |
|a Grammar, Comparative and general
|x Morphology.
|
| 830 |
|
0 |
|a Linguistica extranea ;
|v studia 17.
|
| 999 |
|
|
|a MARS
|
| 999 |
f |
f |
|s adca31b2-3fc1-3c4d-a5e0-7ab11cb28686
|i 620228be-9a62-3098-9893-0bec13575f86
|t 0
|
| 952 |
f |
f |
|p normal
|a Texas A&M University
|b College Station
|c Sterling C. Evans Library
|d Evans: Library Stacks
|t 0
|e P421 .M4513 1988
|h Library of Congress classification
|i unmediated -- volume
|m A14811073160
|
| 998 |
f |
f |
|a P421 .M4513 1988
|t 0
|l Evans: Library Stacks
|